000 00391nam a2200133Ia 4500
008 230917s9999||||xx |||||||||||||| ||und||
040 _e31585
_aMAIN
041 _aEnglish
082 _a547.2 H19H
245 0 _aHandbook of reagents for organic systnesis: Peagents, Auxiliaries and Catalysis for C-C bonds
260 _aChichester
_bJohn Wiley
_c1999
300 _axvi, 746 p.
942 _cBK
999 _c103354
_d103354